00858cam a2200229 i 450000100060000000300080000600500170001400800390003103500190007004000270008904100080011608200200012424500860014426000710023030000320030150001550033350400410048865000260052965000190055570000210057473000330059515600BD-RjUL20211208235843.0140210s1975 ilua b 000 0 eng a(BD-RjUL)15655 aDLCcDLCdBD-RjULbeng aeng00a350.1bNEW 197502aA New World :breadings on modern public personnel management /cJay M. Shafritz. aChicago :bInternational Personnel Management Association,cc1975. ax, 293 p. :bill. ;c26 cm. a"Originally appeared in Public personnel management or its three predecessor journals: Public personnel review, Personnel administration, and PPR/PA." aIncludes bibliographical references. 0aPersonnel management. 0aCivil service.1 aShafritz, Jay M.0 aPublic personnel management.